History Quiz

Random History or Country Quiz

Countries of the Americas by History II Quiz Stats

 Plays Quiz Updated Nov 16, 2013

Support Sporcle.
Go Orange.
Score 0/17 Timer 05:00
0 Plays Today
% Correct
The Bay of Pigs Invasion was an unsuccessful CIA-backed invasion of this countryCuba
98.5%
Soon after seceding from Colombia in 1903, work on the first canal linking the Atlantic and Pacific Oceans was begun in this countryPanama
92.6%
This modern day country, renowned as the former centre of the Inca Empire, is home to the UNESCO-recognized site of Machu PicchuPeru
90.8%
Upon achieving independence from Portugal in 1822, this country existed as an Empire until becoming a presidential republic in 1889Brazil
87.8%
In 2009, this country became the first South American nation to nationally legalise same-sex civil unionsUruguay
61.5%
From 1973 to 1998, Augusto Pinochet headed a military regime in this country that is credited with 'disappearing' over 3,000 political opponentsChile
58.8%
In 1969, the Soccer War broke out between El Salvador and this country, coinciding with rioting between fans at a qualifying match for the 1970 FIFA World CupHonduras
58.2%
Since 1964, FARC, a Marxist guerilla organisation, has been in persistent armed conflict with right-wing paramilitaries and government forces in this countryColombia
56%
The Galápagos Islands, visited by Charles Darwin prior to his writing 'On the Origins of Species', are a province of this countryEcuador
53.1%
% Correct
This modern-day country is the location of the first known European attempt at colonising the AmericasCanada
49.3%
After being settled by Christopher Columbus in 1492, this modern-day country became the site of the first permanent European settlement in the AmericasDominican Republic
45.2%
From 1831 until its collapse in 1838, the Federal Republic of Central America, a sovereign state consisting of five modern-day countries, had its capital in this countryEl Salvador
42.5%
In 1997, US-born Janet Jagan was elected president of this country, thus becoming South America's first democratically elected female PresidentGuyana
38.4%
In 1983, this country became the youngest sovereign nation in the Americas when it achieved independence from the UKSt. Kitts & Nevis
28.4%
On January 5th 2012, Portia Simpson-Miller was elected the 7th Prime Minister on this countryJamaica
24.8%
The frequency at which this modern day country alternated between British and French control resulted in it receiving the nickname 'Helen of the West Indies'St. Lucia
19.1%
This country is home to Nelson's Dockyard, the residence of Admiral Horatio Nelson from 1784 to 1787Antigua & Barbuda
13.8%

You're not logged in!

Compare scores with friends on all Sporcle quizzes.
OR
Log In
Forgot?

From the Vault

Pick the Homophone III

by strokes_static

And please leave a message after the tone. Eeeeeeee--
Remove Ads.
Support Sporcle.
Get the best of Sporcle when you Go Orange. This ad-free experience offers more features, more stats, and more fun while also helping to support Sporcle. Thank you for becoming a member.

Show Comments

Extras

Top Quizzes Today


Score Distribution

Your Account Isn't Verified!

In order to create a playlist on Sporcle, you need to verify the email address you used during registration. Go to your Sporcle Settings to finish the process.

Report this User

Report this user for behavior that violates our Community Guidelines.

Details: